| 000 | 01256nam a2200229Ia 4500 | ||
|---|---|---|---|
| 001 | L200-55161 | ||
| 003 | IT-CnALBA | ||
| 008 | 170116s9999||||xx |||||||||||||| ||und|| | ||
| 040 |
_aIT-CnALBA _cIT-CnALBA |
||
| 041 | _aITALIANO | ||
| 100 | _aGHEDDO PIERO | ||
| 245 | 0 | _aLA MISSIONE CONTINUA. MEZZO SECOLO A SERVIZIO DELLA CHIESA E DEL TERZO MONDO. | |
| 250 | _a1a ed. | ||
| 260 |
_aCINISELLO BALSAMO (MI) _bEDIZIONI PAOLINE _c2003 [1° Ed.:2003 - Ed.Ling.Originale: 2003] |
||
| 300 | _a365 p. | ||
| 500 | _aPREFAZIONE DI CORTI R. MONSIGNORE. MISSIONARIO, PERCHÈ? 50 ANNI DI MISSIONE. MISSIONE PER AMORE DI CRISTO. DALLE MISSIONI ESTERE ALLE CHIESE LOCALI. IL VANGELO E LE CULTURE NON CRISTIANE. IL DIALOGO CON I NON CRISTIANI. CRISTIANESIMO PER LA MATURAZIONE DE | ||
| 501 | _aSocietà San Paolo EM - Piazza San Paolo, 14 - 12051 ALBA (CN) (non commercial uses only) ® Copyright 2017 | ||
| 520 | _aPREFAZIONE DI CORTI R. MONSIGNORE. MISSIONARIO, PERCHÈ? 50 ANNI DI MISSIONE. MISSIONE PER AMORE DI CRISTO. DALLE MISSIONI ESTERE ALLE CHIESE LOCALI. IL VANGELO E LE CULTURE NON CRISTIANE. IL DIALOGO CON I NON CRISTIANI. CRISTIANESIMO PER LA MATURAZIONE DE | ||
| 650 | _aRELIGIONE - RELIGIONE CRISTIANA | ||
| 942 | _cBK | ||
| 957 | _71 | ||
| 999 |
_a72651 _bNO _g Copie: 1 _c314013 _d314013 |
||